Actor's With "T" in Their Name by Picture - Statistics

General Stats
  • This quiz has been taken 132 times
  • The average score is 10 of 15
Answer Stats
Picture Answer % Correct
Robert Downey Jr.
92%
Justin Timberlake
88%
Dolly Parton
85%
Anne Hathaway
80%
Natalie Portman
78%
Sylvester Stallone
73%
Tom Hardy
73%
Emily Blunt
69%
Tim Allen
62%
Cate Blanchett
61%
Steve Martin
56%
Forest Whitaker
55%
Peter Dinklage
55%
Alicia Silverstone
52%
John Stamos
49%
No matching quizzes found
Score Distribution
Percent of People with Each Score
Percentile by Number Answered
Your Score History
You have not taken this quiz